Miasto Polskie, czy zagraniczne? - Statystyki

Ogólne statystyki
  • Ten quiz został rozwiązany 39 razy
  • Średni wynik to 48 z 50
Statystyki odpowiedzi
Hint Odpowiedź % Poprawnych
Warszawa Polskie
100%
Kraków Polskie
100%
Wrocław Polskie
100%
Łódź Polskie
100%
Lublin Polskie
100%
Białystok Polskie
100%
Zabrze Polskie
100%
Siemianowice Śląskie Polskie
100%
Sosnowiec Polskie
100%
Piotrków Trybunalski Polskie
100%
Chełm Polskie
100%
Końskie Polskie
100%
Słubice Polskie
100%
Oborniki Polskie
100%
Ostrzeszów Polskie
100%
Węgorzewo Polskie
100%
Moskwa Zagraniczne
100%
Manchester Zagraniczne
100%
Hamburg Zagraniczne
100%
Sankt Petersburg Zagraniczne
100%
Ujpest Zagraniczne
100%
Florencja Zagraniczne
100%
Haga Zagraniczne
100%
Cejle Zagraniczne
100%
Walencja Zagraniczne
100%
Kazań Zagraniczne
100%
Słupsk Polskie
97%
Garwolin Polskie
97%
Gorlice Polskie
97%
Zagrzeb Zagraniczne
97%
Bratysława Zagraniczne
97%
Brno Zagraniczne
97%
Berno Zagraniczne
97%
Homel Zagraniczne
97%
Graz Zagraniczne
97%
Marsylia Zagraniczne
97%
Lwów Zagraniczne
95%
Split Zagraniczne
95%
Rumia Polskie
92%
Kowno Zagraniczne
92%
Berlin Zagraniczne
89%
Drezno Zagraniczne
89%
Sejny Polskie
86%
Saloniki Zagraniczne
86%
Turku Zagraniczne
86%
Tyraspol Zagraniczne
84%
Przeworsk Polskie
81%
Drezdenko Polskie
76%
Toszek Polskie
73%
Czemierniki Polskie
68%
Nie znaleziono quizów pasujących do podanych kryteriów
Rozkład punktacji
Procent ludzi z każdym wynikiem
Percentyl według liczby udzielonych odpowiedzi
Twoja historia wyników
Nie rozwiązałeś tego quizu